Allgemeinwissen-Quiz #63 - Statistiken

Allgemein
  • Dieses Quiz wurde 48 mal gespielt
  • Das Durchschnittsergebnis liegt bei 11 aus 20
Antwortstatistiken
Frage Antwort % Korrekt
Von welcher Telefongesellschaft stammt das Handy 3310? Nokia
78%
Wo liegt der grösste Hafen Europas? Rotterdam
78%
In welchem heutigen Staat lag das antike Karthago? Tunesien
75%
Was ist ein Beaujolais? Eine Rotweinsorte
73%
Wobei wurde Winona Ryder ertappt? (Schauspielerin in Stranger Things) beim Ladendiebstahl
65%
Wer ist der meistgelesene französische Autor des 18. Jahrhunderts? Voltaire
63%
Welches Bild zeigt einen Saphir?
60%
In welchem Land fand im Jahre 2003 die friedliche Rosenrevolution statt? Georgien
60%
Welcher Vogel kann bis unter 500 m Wassertiefe tauchen? Kaiserpinguin
58%
Welche Flüssigkeit vermag Gold aufzulösen? Königswasser
58%
Wie hiess Micky Maus ursprünglich? Mortimer Mouse
58%
Was rieselt bei einem Gradierwerk? Sole
58%
Welcher dieser South Park Charakter "komponierte" einen Song namens "I Hate You Guys"?
55%
Welcher für einen Grammy nominierte New Yorker Rapper starb im April 2021? DMX
55%
Welches ist die Flagge von Sierra Leone?
48%
Weltweit gibt es rund 7.186 Muttersprachen. In welchem Land werden mit rund 840 verschiedenen Sprachen die meisten davon gesprochen? Papua-Neuguinea
48%
Bei welchem Formel 1 Team ist Lando Norris im Jahr 2025 unter Vertrag?
38%
Im Videospiel Overwatch kann man eine Fähigkeit auf 100 % aufladen. Wie wird diese Fähigkeit genannt? Ultimate
33%
Welche der hier aufgeführten Pflanzen ist keine fleischfressende Pflanze? Verarmte Segge
25%
Welches Land ist der grösste Lithiumproduzent weltweit? Australien
5%
Keine übereinstimmenden Quizze gefunden
Verteilung der Resultate
Anzahl Personen mit jedem Resultat
Perzentil nach korrekt beantworteten Fragen
Ihre Resultats-Entwicklung
Sie haben dieses Quiz noch nicht gespielt